| 000 | 00466nam a2200169 4500 | ||
|---|---|---|---|
| 001 | 110094 | ||
| 003 | ES-MaACL | ||
| 005 | 20230906184956.0 | ||
| 007 | t| | ||
| 008 | 061121m19301936fr r ||||1| fre d | ||
| 100 | 1 |
_aOcagne, Maurice D'. _9216570 |
|
| 245 | 1 | 0 |
_aHommes et choses de science _b: propos familiers / _cMaurice Ocagne d'. |
| 260 |
_aParĂs : _bVuibert, _c1930-36. |
||
| 300 |
_a3v. ; _c19 cm. |
||
| 852 |
_aES-MaACL _jA-4217-19 |
||
| 999 |
_c110094 _d110094 |
||